Every Fall Out Boy Song (2024) - Statistics

General Stats
  • This quiz has been taken 126 times
  • The average score is 72 of 176
Answer Stats
Fall Out Boy Tracks % Correct
Dance, Dance
94%
American Beauty/American Psycho
84%
Thnks fr th Mmrs
84%
The Phoenix
83%
My Songs Know What You Did In The Dark (Light Em Up)
82%
Centuries
81%
Immortals
79%
Save Rock And Roll
79%
I Don't Care
78%
Sugar, We're Goin Down
78%
Grand Theft Autumn / Where Is Your Boy
75%
Our Lawyer Made Us Change The Name Of This Song So We Wouldn't Get Sued
74%
So Much (For) Stardust
74%
This Ain't A Scene, It's An Arms Race
74%
A Little Less Sixteen Candles, A Little More "Touch Me"
73%
Saturday
73%
Uma Thurman
73%
XO
71%
Rat A Tat
68%
Dead on Arrival
66%
Miss Missing You
66%
Thriller
66%
Irresistible
65%
Love From The Other Side
65%
"The Take Over, The Breaks Over"
65%
Bang The Doldrums
64%
Golden
64%
I'm Like A Lawyer With The Way I'm Always Trying To Get You Off (Me & You)
64%
I Slept With Someone In Fall Out Boy And All I Got Was This Stupid Song Written About Me
64%
What A Catch, Donnie
64%
Young Volcanoes
64%
7 Minutes In Heaven (Atavan Halen)
62%
Church
62%
Jet Pack Blues
62%
The Last Of The Real Ones
62%
Twin Skeleton's (Hotel In NYC)
62%
27
61%
Headfirst Slide Into Cooperstown On A Bad Bet
61%
Nobody Puts Baby In The Corner
61%
Nobody Puts Baby in the Corner
61%
20 Dollar Nose Bleed
60%
America's Suitehearts
60%
(Coffee's For Closers)
60%
Fourth Of July
60%
Hum Hallelujah
60%
Bishops Knife Trick
58%
Of All The Gin Joints In All The World
58%
w.a.m.s
58%
Alone Together
57%
Disloyal Order Of Water Buffaloes
57%
G.I.N.A.S.F.S
57%
Where Did The Party Go
57%
HOLD ME TIGHT OR DON'T
56%
She's My Winona
56%
Stay Frosty Royal Milk Tea
56%
The Carpal Tunnel Of Love
56%
Beat It - Studio Version
55%
Just One Yesterday
55%
Lake Effect Kid
55%
Tell That Mick He Just Made My List of Things to Do Today
55%
West Coast Smoker
55%
Get Busy Living Or Get Busy Dying (Do Your Part To Save The Scene And Stop Going To Shows)
53%
Wilson (Expensive Mistakes)
53%
Champion
52%
Chicago Is So Two Years Ago
52%
Novocaine
52%
The Mighty Fall
52%
Champagne For My Real Friends, Real Pain For My Sham Friends
51%
Hold Me Like a Grudge
51%
Homesick at Space Camp
51%
The Pink Seashell (feat. Ethan Hawke)
51%
Tiffany Blews
51%
We Didn't Start The Fire (Bonus Track)
51%
Young And Menace
51%
You're Crashing, But You're No Wave
51%
Alpha Dog
49%
Calm Before the Storm
49%
Death Valley
49%
Grenade Jumper
49%
I've Got All This Ringing In My Ears And None On My Fingers
49%
Pretty In Punk
49%
Reinventing the Wheel to Run Myself Over
49%
Heartbreak Feels So Good
48%
Sending Postcards From a Plane Crash (Wish You Were Here)
48%
Sophomore Slump Or Comeback Of The Year
48%
The (Shipped) Gold Standard
48%
Favorite Record
47%
The Kids Aren't Alright
47%
Fake Out
45%
Fame < Infamy
45%
I've Got A Dark Alley And A Bad Idea That Says You Should Shut Your Mouth (Summer Song)
45%
The Music Or The Misery
45%
Don't You Know Who I Think I Am?
44%
Heaven's Gate
43%
It's Hard To Say "I Do", When I Don't
43%
My Heart Is the Worst Kind of Weapon
43%
Sunshine Riptide
43%
The Pros and Cons of Breathing
43%
What a Time To Be Alive
43%
I Am My Own Muse
42%
Snitches And Talkers Get Stitches And Walkers
42%
The Patron Saint of Liars and Fakes
42%
Heaven, Iowa
40%
Flu Game
38%
Growing Up
38%
Honorable Mention
38%
Love, Sex, Death
38%
Baby Annihilation
36%
Electric Touch (feat. Fall Out Boy)
36%
The (After) Life Of The Party
36%
The Kintsugi Kid (Ten Years)
36%
Bob Dylan
35%
It's Not a Side Effect of the Cocaine, I Am Thinking It Must Be Love
35%
So Good Right Now
32%
"From Now On We Are Enemies"
31%
Switchblades and Infidelity
31%
City In A Garden
30%
Yule Shoot Your Eye Out - Bonus Track
30%
Caffeine Cold
29%
Super Fade
29%
The World's Not Waiting (For Five Tired Boys In A Broken Down Van)
29%
Love Will Tear Us Apart
26%
Parker Lewis Can't Lose (But I'm Gonna Give It My Best Shot)
26%
I Wanna Dance With Somebody (Who Loves Me)
25%
Lullabye
23%
Moving Pictures
23%
Hot To The Touch, Cold On The Inside
21%
Short, Fast And Loud
21%
We Were Doomed From The Start (The King Is Dead)
21%
American Made
19%
Dear Future Self (Hands Up)
19%
Eternal Summer
18%
Ghostbusters (I’m Not Afraid)
17%
Pavlove - Demo
17%
Demigods
16%
What’s This?
16%
Art Of Keeping Up Disappearances
14%
Summer Days (feat. Macklemore & Patrick Stump of Fall Out Boy)
14%
Grand Theft Autumn \ Where Is Your Boy - Acoustic
13%
Star 67
13%
hand crushed by a mallet (Remix) [feat. Fall Out Boy, Craig Owens, Nicole Dollanganger]
12%
I've Been Waiting
12%
I Wan’na Be Like You (The Monkey Song)
12%
Roxanne
12%
Start Today
12%
Back to Earth (feat. Fall Out Boy)
9%
My Heart Is The Worst Kind Of Weapon - Demo
9%
7-9 Legendary
8%
Catch Me If You Can/Proclamation of Emancipation
8%
Footprints in the Snow
8%
Hand of God
8%
Austin, We Have a Problem
6%
One and Only
6%
Past Life
6%
Saturday Night’s Alright for Fighting
6%
Wrong Side of Paradise
6%
Guilty as Charged (Tell Hip Hop I’m Literate)
5%
My Songs Know What You Did in the Dark - Demo
5%
America's Suitehearts - Acoustic
4%
Save Your Generation
4%
So Sick
4%
It’s a Small World
3%
Lake Effect Kid - Demo
3%
Stayin Out All Night - Boys of Zummer Remix
3%
We Don’t Take Hits, We Write Them
3%
I Got Nothing, But You Got Something
1%
New Dreams
1%
From Plastic To Skin
0%
It's not a side-effect of the cocaine, I think it must be love - Acoustic
0%
Night Begins to Shine
0%
Ode to the Hourglass
0%
Only the Bulls
0%
Turnpike Gates
0%
Untitled 1 (Colorado Song) - Demo
0%
Untitled 2 (Jakus Song) - Demo
0%
No matching quizzes found
Score Distribution
Percent of People with Each Score
Percentile by Number Answered
Your Score History
You have not taken this quiz